[Event "HUN-chT2 Asztalos 1617"]
[Site "Hungary"]
[Date "2017.02.26"]
[Round "9.1"]
[White "Fancsy, Imre"]
[Black "Horvath, Jozsef M"]
[Result "1-0"]
[WhiteElo "2395"]
[BlackElo "2068"]
[PlyCount "79"]
[EventDate "2016.09.25"]
[EventType "team-tourn"]
[EventRounds "11"]
[EventCountry "HUN"]
[SourceTitle "EXT 2021"]
[Source "ChessBase"]
[SourceDate "2020.10.23"]
[SourceVersion "1"]
[SourceVersionDate "2020.10.23"]
[SourceQuality "1"]
[WhiteTeam "Balatonfuered"]
[BlackTeam "Sarosd"]
[WhiteTeamCountry "HUN"]
[BlackTeamCountry "HUN"]

1. Nf3 Nf6 2. c4 e6 3. g3 d5 4. Bg2 Nbd7 5. 0-0 c6 6. d4 Ne4 7. b3 Be7 8. Bb2 0-0 9. Ne1 f5 10. f3 Nd6 11. Nd2 b6 12. Nd3 a5 13. e4 fxe4 14. fxe4 Rxf1+ 15. Qxf1 Bg5 16. Nf4 dxe4 17. Nxe4 Nxe4 18. Bxe4 Nb8 19. Qd3 h6 20. Rf1 Bxf4 21. Rxf4 Qe7 22. Bh7+ Kh8 23. Bg6 Nd7 24. Rf7 Qd6 25. d5 e5 26. dxc6 Qc5+ 27. Kg2 Nf8 28. Be4 Be6 29. Rf2 a4 30. Qc3 axb3 31. axb3 Re8 32. Qf3 Kg8 33. Qh5 Re7 34. Qe2 Ra7 35. Qd2 b5 36. Bc3 Bf7 37. Bb4 Qb6 38. Qd6 Ne6 39. Bd5 Qc7 40. Bxe6 1-0

[Event "HUN-chT2 Asztalos 1617"]
[Site "Hungary"]
[Date "2016.11.27"]
[Round "5.1"]
[White "Vrban, Mladen"]
[Black "Horvath, Jozsef M"]
[Result "1/2-1/2"]
[WhiteElo "2297"]
[BlackElo "2068"]
[PlyCount "59"]
[EventDate "2016.09.25"]
[EventType "team-tourn"]
[EventRounds "11"]
[EventCountry "HUN"]
[SourceTitle "EXT 2021"]
[Source "ChessBase"]
[SourceDate "2020.10.23"]
[SourceVersion "1"]
[SourceVersionDate "2020.10.23"]
[SourceQuality "1"]
[WhiteTeam "Nagyatad"]
[BlackTeam "Sarosd"]
[WhiteTeamCountry "HUN"]
[BlackTeamCountry "HUN"]

1. d4 Nf6 2. Nf3 e6 3. Bf4 d5 4. e3 Nbd7 5. Bd3 c5 6. c3 Qb6 7. Qc1 Nh5 8. Bg3 Nxg3 9. hxg3 g6 10. Nbd2 Bg7 11. Qc2 a5 12. Kf1 c4 13. Be2 Qc6 14. e4 b5 15. Re1 0-0 16. Ng5 h6 17. Nh3 Nb6 18. Nf4 Bd7 19. Bf3 Rfe8 20. e5 Reb8 21. g4 b4 22. g5 hxg5 23. Nxg6 fxg6 24. Qxg6 Be8 25. Qxg5 bxc3 26. bxc3 Na4 27. Ne4 dxe4 28. Bxe4 Qc7 29. Re3 Qf7 30. Rf3 1/2-1/2

[Event "HUN-chT2 Asztalos 1617"]
[Site "Hungary"]
[Date "2016.11.13"]
[Round "4.1"]
[White "Horvath, Jozsef M"]
[Black "Janoshalmi, Attila"]
[Result "0-1"]
[WhiteElo "2068"]
[BlackElo "2217"]
[PlyCount "96"]
[EventDate "2016.09.25"]
[EventType "team-tourn"]
[EventRounds "11"]
[EventCountry "HUN"]
[SourceTitle "EXT 2021"]
[Source "ChessBase"]
[SourceDate "2020.10.23"]
[SourceVersion "1"]
[SourceVersionDate "2020.10.23"]
[SourceQuality "1"]
[WhiteTeam "Sarosd"]
[BlackTeam "Kiraly Sakk"]
[WhiteTeamCountry "HUN"]
[BlackTeamCountry "HUN"]

1. d4 d5 2. c4 e6 3. Nc3 Nf6 4. Nf3 Be7 5. Bf4 0-0 6. e3 b6 7. Be2 Bb7 8. 0-0 Nh5 9. cxd5 Nxf4 10. exf4 exd5 11. Rc1 Nd7 12. Qb3 c6 13. Bd3 Re8 14. Rfe1 Nf8 15. f5 Nd7 16. Re3 Bf6 17. Rce1 Rxe3 18. Rxe3 c5 19. Nxd5 cxd4 20. Nxf6+ Qxf6 21. Re1 Bxf3 22. gxf3 g6 23. fxg6 hxg6 24. Be4 Rd8 25. Kf1 Nc5 26. Qc4 a5 27. Rd1 Kg7 28. Qb5 Rd6 29. Qc4 Qe5 30. Re1 Qh5 31. Kg2 Ne6 32. Kh1 Qe5 33. Qc1 Qf6 34. Rg1 Nc5 35. Kg2 Qe5 36. Re1 Qf6 37. Qd2 Ne6 38. Rg1 Rd8 39. Kf1 Qe5 40. Rg3 f5 41. Bb7 Nf4 42. Ba6 d3 43. a4 Rd7 44. Bc4 Qd4 45. Bb3 Re7 46. Bd1 Qb4 47. Qxb4 axb4 48. h4 d2 0-1

[Event "HUN-chT2 Szechenyi 0506"]
[Site "Hungary"]
[Date "2006.04.23"]
[Round "11"]
[White "Kovacs, Dezso"]
[Black "Horvath, Jozsef M"]
[Result "1-0"]
[WhiteElo "2012"]
[BlackElo "2167"]
[PlyCount "92"]
[EventDate "2005.10.16"]
[EventType "team"]
[EventRounds "11"]
[EventCountry "HUN"]
[SourceTitle "EXT 2009"]
[Source "ChessBase"]
[SourceDate "2008.11.26"]
[SourceVersion "1"]
[SourceVersionDate "2008.11.26"]
[SourceQuality "1"]
[WhiteTeam "Lovo"]
[BlackTeam "Kvarosi Zeg"]
[WhiteTeamCountry "HUN"]
[BlackTeamCountry "HUN"]

1. c4 e5 2. Nc3 f5 3. d3 Nf6 4. Bg5 Be7 5. e3 0-0 6. g3 c6 7. Bg2 d6 8. Nge2 Be6 9. Qb3 Qc7 10. f4 Nbd7 11. h3 Rab8 12. Qc2 b5 13. b3 Qb6 14. Qd2 Rfd8 15. 0-0 h6 16. Bxf6 Bxf6 17. Rfc1 b4 18. Na4 Qc7 19. Kh2 a5 20. c5 d5 21. fxe5 Bxe5 22. d4 Bf6 23. Nf4 Bf7 24. h4 Re8 25. Rf1 Re7 26. Nb2 Rbe8 27. h5 Bg5 28. Nbd3 Nf6 29. Bf3 Ng4+ 30. Bxg4 fxg4 31. Ne5 Qc8 32. Nfg6 Rxe5 33. Nxe5 Bxh5 34. Qd3 Qe6 35. Qf5 Qxf5 36. Rxf5 Re6 37. Kg2 Bg6 38. Nxg6 Rxg6 39. e4 Re6 40. e5 g6 41. Rf2 h5 42. Raf1 Re7 43. Rf8+ Kg7 44. Rc8 Be3 45. Rxc6 Bxd4 46. Rd6 Kh6 1-0

[Event "HUN-chT2 Szechenyi 0506"]
[Site "Hungary"]
[Date "2006.02.12"]
[Round "7"]
[White "Simai, Laszlo"]
[Black "Horvath, Jozsef M"]
[Result "1/2-1/2"]
[WhiteElo "2071"]
[BlackElo "2167"]
[PlyCount "98"]
[EventDate "2005.10.16"]
[EventType "team"]
[EventRounds "11"]
[EventCountry "HUN"]
[SourceTitle "EXT 2009"]
[Source "ChessBase"]
[SourceDate "2008.11.26"]
[SourceVersion "1"]
[SourceVersionDate "2008.11.26"]
[SourceQuality "1"]
[WhiteTeam "HEMO"]
[BlackTeam "Kvarosi Zeg"]
[WhiteTeamCountry "HUN"]
[BlackTeamCountry "HUN"]

1. e4 d5 2. exd5 Nf6 3. c4 e6 4. dxe6 Bxe6 5. d4 Bb4+ 6. Nc3 Qe7 7. Qe2 Nc6 8. Nf3 Bg4 9. Qxe7+ Kxe7 10. Be3 Rad8 11. 0-0-0 Bxc3 12. bxc3 Ne4 13. Kc2 Na5 14. Bd3 Nd6 15. c5 Ndc4 16. Rde1 f6 17. Bf4+ Kd7 18. Nd2 Nxd2 19. Bxd2 Be6 20. Rxe6 Kxe6 21. c4 b6 22. d5+ Kf7 23. c6 g6 24. Bf4 Rc8 25. c5 h5 26. Ba6 g5 27. Bxc8 Rxc8 28. Bc1 Rd8 29. Rd1 Nc4 30. d6 bxc5 31. dxc7 Rc8 32. Rd7+ Ke6 33. f4 Kf5 34. Kd3 Nb6 35. fxg5 fxg5 36. Be3 Na8 37. Bxc5 Nxc7 38. Bxa7 Ne6 39. Rd5+ Kf6 40. Bd4+ Nxd4 41. Rxd4 Rxc6 42. h3 Rb6 43. g4 Rb2 44. a4 Rh2 45. Ke4 Rxh3 46. Rd6+ Ke7 47. Rg6 Rh4 48. Rxg5 Rxg4+ 49. Rxg4 hxg4 1/2-1/2

[Event "HUN-chT2 Szechenyi 0506"]
[Site "Hungary"]
[Date "2005.10.16"]
[Round "1"]
[White "Horvath, Jozsef M"]
[Black "Peresznyak, Peter"]
[Result "1-0"]
[WhiteElo "2167"]
[BlackElo "1989"]
[PlyCount "48"]
[EventDate "2005.10.16"]
[EventType "team"]
[EventRounds "11"]
[EventCountry "HUN"]
[SourceTitle "EXT 2009"]
[Source "ChessBase"]
[SourceDate "2008.11.26"]
[SourceVersion "1"]
[SourceVersionDate "2008.11.26"]
[SourceQuality "1"]
[WhiteTeam "Kvarosi Zeg"]
[BlackTeam "HVSE Infraplan II"]
[WhiteTeamCountry "HUN"]
[BlackTeamCountry "HUN"]

1. d4 Nf6 2. Nf3 e6 3. Bf4 b6 4. e3 Bb7 5. Nbd2 d6 6. Bd3 Be7 7. Qe2 0-0 8. 0-0-0 Nbd7 9. h4 c5 10. c3 a6 11. Rhg1 b5 12. h5 Qa5 13. Kb1 b4 14. Nc4 Qc7 15. cxb4 cxd4 16. Nxd4 Be4 17. Bxe4 Nxe4 18. Rc1 Qb7 19. Na5 Qd5 20. f3 e5 21. Nf5 Bf6 22. Rcd1 Qe6 23. fxe4 exf4 24. exf4 d5 1-0

[Event "HUN-chT2 Asztalos 0405"]
[Site "Hungary"]
[Date "2005.04.10"]
[Round "10"]
[White "Balazs, Imre"]
[Black "Horvath, Jozsef M"]
[Result "1/2-1/2"]
[WhiteElo "2175"]
[BlackElo "2171"]
[PlyCount "22"]
[EventDate "2004.09.26"]
[EventType "team"]
[EventRounds "11"]
[EventCountry "HUN"]
[SourceTitle "EXT 2009"]
[Source "ChessBase"]
[SourceDate "2008.11.26"]
[SourceVersion "1"]
[SourceVersionDate "2008.11.26"]
[SourceQuality "1"]
[WhiteTeam "Szekszard"]
[BlackTeam "Mohacs"]
[WhiteTeamCountry "HUN"]
[BlackTeamCountry "HUN"]

1. e4 e6 2. d4 d5 3. Nc3 Nf6 4. Bg5 Bb4 5. e5 h6 6. exf6 hxg5 7. fxg7 Rg8 8. h4 gxh4 9. Qh5 Qf6 10. Nf3 Nd7 11. Rxh4 Qxg7 1/2-1/2

[Event "HUN-chT2 Asztalos 0405"]
[Site "Hungary"]
[Date "2005.02.06"]
[Round "7"]
[White "Horvath, Jozsef M"]
[Black "Halasz, Attila"]
[Result "1/2-1/2"]
[WhiteElo "2171"]
[BlackElo "2255"]
[PlyCount "21"]
[EventDate "2004.09.26"]
[EventType "team"]
[EventRounds "11"]
[EventCountry "HUN"]
[SourceTitle "EXT 2009"]
[Source "ChessBase"]
[SourceDate "2008.11.26"]
[SourceVersion "1"]
[SourceVersionDate "2008.11.26"]
[SourceQuality "1"]
[WhiteTeam "Mohacs"]
[BlackTeam "Pecs Karmin"]
[WhiteTeamCountry "HUN"]
[BlackTeamCountry "HUN"]

1. d4 Nf6 2. c4 e6 3. a3 b6 4. Nc3 Bb7 5. f3 d5 6. Bg5 Be7 7. cxd5 exd5 8. Nh3 0-0 9. e3 Nh5 10. f4 g6 11. Be2 1/2-1/2

[Event "HUN-chT2 Asztalos 0405"]
[Site "Hungary"]
[Date "2005.01.23"]
[Round "6"]
[White "Vrban, Mladen"]
[Black "Horvath, Jozsef M"]
[Result "1-0"]
[WhiteElo "2313"]
[BlackElo "2171"]
[PlyCount "137"]
[EventDate "2004.09.26"]
[EventType "team"]
[EventRounds "11"]
[EventCountry "HUN"]
[SourceTitle "EXT 2009"]
[Source "ChessBase"]
[SourceDate "2008.11.26"]
[SourceVersion "1"]
[SourceVersionDate "2008.11.26"]
[SourceQuality "1"]
[WhiteTeam "Nagyatad"]
[BlackTeam "Mohacs"]
[WhiteTeamCountry "HUN"]
[BlackTeamCountry "HUN"]

1. e4 e6 2. d3 d5 3. Nd2 c5 4. Ngf3 Nc6 5. g3 Bd6 6. Bg2 Nge7 7. 0-0 0-0 8. Re1 b6 9. c3 Ng6 10. h4 h6 11. h5 Nge7 12. e5 Bc7 13. Nf1 f6 14. exf6 Rxf6 15. N1h2 Qf8 16. Ng4 Rf5 17. Nh4 Rf7 18. f4 Nf5 19. Nxf5 Rxf5 20. Ne3 Rf6 21. c4 Bb7 22. cxd5 Nd4 23. Ng4 Rf5 24. dxe6 Bxg2 25. Kxg2 Qd6 26. Re4 Nxe6 27. Ne3 Rf7 28. Nc4 Qd5 29. Be3 Rd8 30. b3 Nf8 31. Nb2 Nd7 32. Qf3 Nf6 33. Ra4 a5 34. Rh1 b5 35. Ra3 Re7 36. Qxd5+ Rxd5 37. Kf3 Nxh5 38. Bd2 b4 39. Ra4 Nf6 40. a3 Nd7 41. Rc1 Nf8 42. Be3 Ne6 43. axb4 cxb4 44. Rc4 Kf7 45. Ra1 Red7 46. Rac1 Bd8 47. Ke2 Bf6 48. Na4 Bd4 49. Rd1 Re7 50. Kf2 Bxe3+ 51. Kxe3 Nd4+ 52. Kf2 Nxb3 53. Nb6 Rd8 54. d4 Rb7 55. Na4 Re7 56. Rd3 Na1 57. Rc1 Red7 58. Rxa1 Rxd4 59. Rxd4 Rxd4 60. Nc5 Rd2+ 61. Ke3 Rc2 62. Rxa5 Rc3+ 63. Nd3 b3 64. Rb5 Kf6 65. g4 g6 66. Kd4 Rc2 67. Rxb3 Rg2 68. Rb6+ Kg7 69. Ne5 1-0

[Event "HUN-chT2 Asztalos 0405"]
[Site "Hungary"]
[Date "2004.11.21"]
[Round "3"]
[White "Ladanyi, Zsolt"]
[Black "Horvath, Jozsef M"]
[Result "1/2-1/2"]
[WhiteElo "2151"]
[BlackElo "2171"]
[PlyCount "43"]
[EventDate "2004.09.26"]
[EventType "team"]
[EventRounds "11"]
[EventCountry "HUN"]
[SourceTitle "EXT 2009"]
[Source "ChessBase"]
[SourceDate "2008.11.26"]
[SourceVersion "1"]
[SourceVersionDate "2008.11.26"]
[SourceQuality "1"]
[WhiteTeam "Aquaprofit"]
[BlackTeam "Mohacs"]
[WhiteTeamCountry "HUN"]
[BlackTeamCountry "HUN"]

1. e4 e6 2. d4 d5 3. Nd2 dxe4 4. Nxe4 Bd7 5. Nf3 Bc6 6. Bd3 Nf6 7. Qe2 Nbd7 8. Ng3 Be7 9. 0-0 0-0 10. Ne5 Nxe5 11. dxe5 Nd7 12. Rd1 g6 13. c3 a5 14. Bb5 Qc8 15. Bxc6 bxc6 16. f4 Rd8 17. Be3 Qb7 18. Qf2 Rab8 19. b3 c5 20. c4 Qc6 21. Qc2 f5 22. Ne2 1/2-1/2

[Event "HUN-chT2 Charousek 0203"]
[Site "Hungary"]
[Date "2003.02.16"]
[Round "7.11"]
[White "Horvath, Jozsef M"]
[Black "Adrian, Robert"]
[Result "1/2-1/2"]
[WhiteElo "2171"]
[BlackElo "2040"]
[PlyCount "31"]
[EventDate "2002.09.22"]
[EventType "team"]
[EventRounds "11"]
[EventCountry "HUN"]
[SourceTitle "EXT 2004"]
[Source "ChessBase"]
[SourceDate "2003.11.25"]
[SourceVersion "1"]
[SourceVersionDate "2003.11.25"]
[SourceQuality "1"]
[WhiteTeam "Lenti"]
[BlackTeam "Tapolca Rockwool"]
[WhiteTeamCountry "HUN"]
[BlackTeamCountry "HUN"]

1. d4 Nf6 2. Nf3 d5 3. Bf4 e6 4. e3 Bd6 5. Ne5 Nbd7 6. Nd2 Nf8 7. Bg3 Ng6 8. Nxg6 hxg6 9. Qf3 Qe7 10. 0-0-0 Bd7 11. Bxd6 Qxd6 12. h3 c5 13. dxc5 Qxc5 14. Qf4 Rc8 15. Bd3 0-0 16. Qd4 1/2-1/2

[Event "HUN-chT2 Charousek 0203"]
[Site "Hungary"]
[Date "2003.02.02"]
[Round "6.11"]
[White "Szabo, Peter"]
[Black "Horvath, Jozsef M"]
[Result "0-1"]
[WhiteElo "2069"]
[BlackElo "2171"]
[PlyCount "79"]
[EventDate "2002.09.22"]
[EventType "team"]
[EventRounds "11"]
[EventCountry "HUN"]
[SourceTitle "EXT 2004"]
[Source "ChessBase"]
[SourceDate "2003.11.25"]
[SourceVersion "1"]
[SourceVersionDate "2003.11.25"]
[SourceQuality "1"]
[WhiteTeam "Gyor Elektromos"]
[BlackTeam "Lenti"]
[WhiteTeamCountry "HUN"]
[BlackTeamCountry "HUN"]

1. e4 d5 2. exd5 Qxd5 3. Nc3 Qd6 4. Be2 Nf6 5. d4 a6 6. Nf3 Bf5 7. Ne5 c5 8. Be3 cxd4 9. Bxd4 Bxc2 10. Nxf7 Kxf7 11. Qxc2 Qxd4 12. Qb3+ Kg6 13. Qxb7 Qa7 14. Bd3+ Kh6 15. Qf3 g6 16. 0-0 Nbd7 17. Ne4 Re8 18. Qh3+ Kg7 19. Ng5 e5 20. Ne6+ Rxe6 21. Qxe6 Nc5 22. Qc4 Nxd3 23. Qxd3 Bc5 24. Qe2 Bd4 25. Rac1 Rf8 26. Rc2 Rf7 27. h3 Nd5 28. a3 Qb6 29. b4 Nf4 30. Qe4 Qf6 31. Kh2 Qb6 32. Rc6 Qb5 33. Rfc1 Nd5 34. f3 Nf6 35. Qe1 Qb7 36. Qe2 Nd5 37. Qxa6 Qe7 38. Qe2 Qg5 39. g4 Qf4+ 40. Kh1 0-1

[Event "HUN-chT2 Charousek 0203"]
[Site "Hungary"]
[Date "2002.10.13"]
[Round "2.10"]
[White "Horvath, Jozsef M"]
[Black "Szidon, Peter"]
[Result "1/2-1/2"]
[WhiteElo "2171"]
[BlackElo "2195"]
[PlyCount "28"]
[EventDate "2002.09.22"]
[EventType "team"]
[EventRounds "11"]
[EventCountry "HUN"]
[SourceTitle "EXT 2004"]
[Source "ChessBase"]
[SourceDate "2003.11.25"]
[SourceVersion "1"]
[SourceVersionDate "2003.11.25"]
[SourceQuality "1"]
[WhiteTeam "Lenti"]
[BlackTeam "Penzugyor"]
[WhiteTeamCountry "HUN"]
[BlackTeamCountry "HUN"]

1. d4 Nf6 2. Nf3 d5 3. Bf4 e6 4. e3 Nbd7 5. Nbd2 Be7 6. h3 c5 7. c3 c4 8. Qc2 b5 9. e4 dxe4 10. Nxe4 Qb6 11. Nxf6+ Nxf6 12. Be2 Bb7 13. 0-0 0-0 14. Nd2 Rac8 1/2-1/2

[Event "HUN-chT2 9899"]
[Site "Hungary"]
[Date "1999.??.??"]
[Round "?"]
[White "Gyurkovics, Miklos"]
[Black "Horvath, Jozsef M"]
[Result "1-0"]
[WhiteElo "2240"]
[BlackElo "2155"]
[PlyCount "59"]
[EventDate "1998.??.??"]
[EventType "team"]
[EventRounds "12"]
[EventCountry "HUN"]
[SourceTitle "EXT 2000"]
[Source "ChessBase"]
[SourceDate "1999.11.16"]
[SourceVersion "1"]
[SourceVersionDate "1999.11.16"]
[SourceQuality "1"]

1. c4 Nf6 2. Nc3 e6 3. e4 d6 4. d4 Be7 5. f4 Na6 6. e5 dxe5 7. fxe5 Nd7 8. Qg4 g6 9. Nf3 c5 10. Bh6 cxd4 11. Qxd4 Ndc5 12. 0-0-0 Qxd4 13. Rxd4 Bd7 14. Be2 0-0-0 15. Ng5 Be8 16. Rxd8+ Bxd8 17. Rf1 Bxg5+ 18. Bxg5 Nd7 19. Nb5 h6 20. Be3 Nb4 21. Nxa7+ Kd8 22. a3 Nc6 23. Nxc6+ bxc6 24. a4 Rh7 25. Rd1 Kc7 26. a5 c5 27. a6 Kb6 28. Rd6+ Ka7 29. b4 Rh8 30. b5 1-0

[Event "HUN-chT2 9899"]
[Site "Hungary"]
[Date "1999.??.??"]
[Round "?"]
[White "Horvath, Jozsef M"]
[Black "Valis, Janos"]
[Result "1-0"]
[WhiteElo "2155"]
[BlackElo "2165"]
[PlyCount "67"]
[EventDate "1998.??.??"]
[EventType "team"]
[EventRounds "12"]
[EventCountry "HUN"]
[SourceTitle "EXT 2000"]
[Source "ChessBase"]
[SourceDate "1999.11.16"]
[SourceVersion "1"]
[SourceVersionDate "1999.11.16"]
[SourceQuality "1"]

1. d4 Nf6 2. c4 g6 3. f3 Bg7 4. e4 d6 5. Nc3 0-0 6. Be3 Nc6 7. Qd2 Re8 8. Nge2 Rb8 9. g4 a6 10. h4 b5 11. cxb5 axb5 12. Ng3 e5 13. d5 Nd4 14. Be2 b4 15. Bxd4 exd4 16. Nd1 Nd7 17. Nf2 Nc5 18. h5 c6 19. hxg6 hxg6 20. dxc6 Qc7 21. 0-0 d5 22. Nfh1 dxe4 23. Nxe4 Nxe4 24. fxe4 Qxc6 25. Qf4 Be6 26. Rac1 Qb6 27. Nf2 Bxa2 28. Kg2 Rbc8 29. g5 Qe6 30. Bg4 Be5 31. Bxe6 Bxf4 32. Rxc8 Rxc8 33. Bxc8 Bxg5 34. Ba6 1-0

[Event "HUN-chT2 9899"]
[Site "Hungary"]
[Date "1998.??.??"]
[Round "?"]
[White "Horvath, Jozsef M"]
[Black "Varga, Karoly"]
[Result "0-1"]
[WhiteElo "2155"]
[BlackElo "2195"]
[PlyCount "84"]
[EventDate "1998.??.??"]
[EventType "team"]
[EventRounds "12"]
[EventCountry "HUN"]
[SourceTitle "EXT 2000"]
[Source "ChessBase"]
[SourceDate "1999.11.16"]
[SourceVersion "1"]
[SourceVersionDate "1999.11.16"]
[SourceQuality "1"]

1. d4 g6 2. c4 Bg7 3. e4 d6 4. Nc3 Nd7 5. f4 c5 6. d5 a6 7. Nf3 Ngf6 8. Be2 0-0 9. 0-0 Rb8 10. Qc2 e5 11. fxe5 Nxe5 12. Nxe5 dxe5 13. Bg5 h6 14. Bh4 Qd6 15. h3 Bd7 16. a4 b6 17. Rf2 Nh7 18. Raf1 f5 19. exf5 gxf5 20. Bh5 e4 21. Ne2 Be5 22. Kh1 Nf6 23. Bxf6 Rxf6 24. Nf4 Bd4 25. Re2 b5 26. axb5 axb5 27. b3 bxc4 28. bxc4 Rb4 29. Ree1 Be5 30. g3 Rb2 31. Qc1 Qa6 32. Nd3 exd3 33. Rxe5 Qa2 34. Bf3 Rh2+ 35. Kg1 Rxh3 36. Bg2 Rxg3 37. Rf2 Qa6 38. Qf4 Rg4 39. Qh2 Qa1+ 40. Rf1 Qd4+ 41. Kh1 d2 42. Re7 Rf7 0-1

[Event "Pecs Suto op"]
[Site "Pecs"]
[Date "1997.??.??"]
[Round "?"]
[White "Berczi, Gyula"]
[Black "Horvath, Jozsef M"]
[Result "1-0"]
[WhiteElo "2180"]
[BlackElo "2175"]
[PlyCount "76"]
[EventDate "1997.??.??"]
[EventType "swiss"]
[EventRounds "9"]
[EventCountry "HUN"]
[SourceTitle "EXT 2004"]
[Source "ChessBase"]
[SourceDate "2003.11.25"]
[SourceVersion "1"]
[SourceVersionDate "2003.11.25"]
[SourceQuality "1"]

1. d4 f5 2. g3 g6 3. Nf3 Nf6 4. Bg2 Bg7 5. 0-0 0-0 6. c4 d6 7. Nc3 c6 8. Bf4 Nh5 9. Bg5 Qc7 10. Qd2 e5 11. e4 f4 12. dxe5 dxe5 13. Rad1 Bg4 14. Qd6 Qc8 15. Rd3 Qe6 16. Nd2 h6 17. Be7 Re8 18. f3 Bh3 19. Bxh3 Qxe7 20. Qxg6 Nf6 21. Nb3 fxg3 22. hxg3 Nbd7 23. Rfd1 Nc5 24. Rd6 Nxb3 25. axb3 Red8 26. c5 Rxd6 27. cxd6 Qf7 28. Qxf7+ Kxf7 29. f4 Nh5 30. Kh2 Rd8 31. b4 Rf8 32. b5 exf4 33. gxf4 Nxf4 34. bxc6 bxc6 35. Ra1 Nxh3 36. Rxa7+ Ke6 37. Rxg7 Nf4 38. d7 Kd6 1-0

[Event "HUN-chT2 9798"]
[Site "Hungary"]
[Date "1997.??.??"]
[Round "?"]
[White "Horvath, Jozsef M"]
[Black "Gara, Anita"]
[Result "1-0"]
[WhiteElo "2175"]
[BlackElo "2285"]
[PlyCount "91"]
[EventDate "1997.??.??"]
[EventType "team"]
[EventRounds "11"]
[EventCountry "HUN"]
[SourceTitle "EXT 1999"]
[Source "ChessBase"]
[SourceDate "1998.11.16"]
[SourceVersion "1"]
[SourceVersionDate "1998.11.16"]
[SourceQuality "1"]

1. d4 Nf6 2. c4 g6 3. f3 Bg7 4. e4 d6 5. Be3 0-0 6. Nc3 c5 7. Nge2 Nc6 8. Qd2 h5 9. Rd1 Qa5 10. h3 a6 11. d5 Ne5 12. Nc1 Rb8 13. f4 Ned7 14. Bd3 b5 15. cxb5 axb5 16. 0-0 c4 17. Bb1 b4 18. N3e2 Ba6 19. Bd4 Qc7 20. Rf3 Nh7 21. Kh1 Bxd4 22. Nxd4 Nhf6 23. Nc6 Rbe8 24. Qxb4 Nc5 25. Re3 e6 26. Qc3 Nfd7 27. Nb4 Nb6 28. Nxa6 Nxa6 29. dxe6 Rxe6 30. f5 Re5 31. Rg3 Kh7 32. Rf1 Qe7 33. Qf3 Rg8 34. Ne2 Nc5 35. fxg6+ fxg6 36. Nc3 Ne6 37. Qe3 Nc5 38. Rgf3 Rg7 39. Qd4 Qe6 40. Rf6 Qe7 41. Rxd6 Nba4 42. Nd5 Qg5 43. Nf6+ Kh6 44. Rd8 Qg3 45. Rh8+ Kg5 46. Qd2+ 1-0